000 00714nam a2200253Ia 4500
001 31395
005 20240114001525.0
007 ta
008 060807s357B g b000 u 346 u
040 _aCotton College,Assam
041 _a346
082 _a294.22
_bR 137 B
100 _aRajgopalachari, .
245 0 _aBharatkatha: Sahaj Bhasai Mahabharater Kahani /
_cRajgopalachari.
_hTextual Documents
250 _a1st ed. /
260 _aCalcutta :
_bSuresh Chandra Majumdar ,
_c1357Bangabda.
300 _a265p. ;
_c24cm.
653 _aReligious Literature-Mahabharata
653 _aStories-Mahabharata
653 _aG-Religion
942 _2ddc
_cBK
999 _c31377
_d31377